Get Through MRCOphth part 3: (Record no. 5044)

MARC details
000 -LEADER
fixed length control field 00511nam a22001817a 4500
003 - CONTROL NUMBER IDENTIFIER
control field OSt
005 - DATE AND TIME OF LATEST TRANSACTION
control field 20231026122548.0
008 - FIXED-LENGTH DATA ELEMENTS--GENERAL INFORMATION
fixed length control field 160818b xxu||||| |||| 00| 0 eng d
020 ## - INTERNATIONAL STANDARD BOOK NUMBER
International Standard Book Number 1853156094
040 ## - CATALOGING SOURCE
Transcribing agency 040a
082 ## - DEWEY DECIMAL CLASSIFICATION NUMBER
Classification number WB18 K527g 2006
100 ## - MAIN ENTRY--PERSONAL NAME
Personal name Khan, Sharmina R.A.; Frangouli, Ourania
9 (RLIN) 10817
245 ## - TITLE STATEMENT
Title Get Through MRCOphth part 3:
Remainder of title EMQs
260 ## - PUBLICATION, DISTRIBUTION, ETC. (IMPRINT)
Place of publication, distribution, etc. London;
Name of publisher, distributor, etc. The royal society of medicine press,
Date of publication, distribution, etc. 2006
300 ## - PHYSICAL DESCRIPTION
Extent iv, 209p;
Dimensions 14 cm.
650 ## - SUBJECT ADDED ENTRY--TOPICAL TERM
Topical term or geographic name as entry element MCQs Medicine
9 (RLIN) 2433
942 ## - ADDED ENTRY ELEMENTS (KOHA)
Source of classification or shelving scheme Other/Generic Classification Scheme
Koha item type Open Shelf
Holdings
Withdrawn status Lost status Source of classification or shelving scheme Damaged status Not for loan Home library Current library Date acquired Source of acquisition Inventory number Total Checkouts Full call number Barcode Date last seen Koha item type
    Other/Generic Classification Scheme     MUST Main Library MUST Main Library 18/08/2016 Donation 12/36077   WB18 K527g 2006 2016-3752 18/08/2016 Open Shelf